New headway : (Record no. 30993)

MARC details
000 -LEADER
fixed length control field 01353cam a2200349 i 4500
003 - CONTROL NUMBER IDENTIFIER
control field EG-ScBUE
005 - DATE AND TIME OF LATEST TRANSACTION
control field 20250911083919.0
008 - FIXED-LENGTH DATA ELEMENTS--GENERAL INFORMATION
fixed length control field 101121s2014 enka f 000 0 eng d
020 ## - INTERNATIONAL STANDARD BOOK NUMBER
International Standard Book Number 9780194769648
020 ## - INTERNATIONAL STANDARD BOOK NUMBER
International Standard Book Number 9780194770187 (cd)
040 ## - CATALOGING SOURCE
Original cataloging agency EG-ScBUE
Language of cataloging eng
Description conventions rda
Transcribing agency EG-ScBUE
Modifying agency EG-ScBUE
082 04 - DEWEY DECIMAL CLASSIFICATION NUMBER
Classification number 428.24
Item number SOA
Edition number 22
100 1# - MAIN ENTRY--PERSONAL NAME
Personal name Soars, John,‏
Dates associated with a name 1951-
Relator term author.
9 (RLIN) 21210
245 10 - TITLE STATEMENT
Title New headway :
Remainder of title Pre-intermediate : workbook without key /
Statement of responsibility, etc John, Liz Soars.
250 ## - EDITION STATEMENT
Edition statement Fourth edition.
264 #1 - PUBLICATION, DISTRIBUTION, ETC. (IMPRINT)
Place of publication, distribution, etc Oxford ;
-- New York :
Name of publisher, distributor, etc Oxford University Press,
Date of publication, distribution, etc 2014.
300 ## - PHYSICAL DESCRIPTION
Extent 104 pages :
Other physical details illustrations ;
Dimensions 28 cm +
Accompanying material 1 CD
336 ## - CONTENT TYPE
Source rdacontent
Content type term text
Content type code txt
336 ## - CONTENT TYPE
Source rdacontent
Content type term sounds
Content type code snd
337 ## - MEDIA TYPE
Source rdamedia
Media type term unmediated
Media type code n
337 ## - MEDIA TYPE
Source rdamedia
Media type term audio
Media type code s
338 ## - CARRIER TYPE
Source rdacarrier
Carrier type term volume
Carrier type code nc
338 ## - CARRIER TYPE
Source rdacarrier
Carrier type term computer disc
Carrier type code cd
500 ## - GENERAL NOTE
General note Includes appendix.
650 #7 - SUBJECT ADDED ENTRY--TOPICAL TERM
Topical term or geographic name as entry element English language
Form subdivision Textbooks for foreign speakers.
Source of heading or term BUEsh
9 (RLIN) 21211
650 #7 - SUBJECT ADDED ENTRY--TOPICAL TERM
Topical term or geographic name as entry element English language
General subdivision Grammar
Form subdivision Problems, exercises, etc.
Source of heading or term BUEsh
9 (RLIN) 21212
653 ## - INDEX TERM--UNCONTROLLED
Resource For college Humanities: English
Arrived date list December2019
655 ## - INDEX TERM--GENRE/FORM
Form subdivision Reading book
9 (RLIN) 34232
700 1# - ADDED ENTRY--PERSONAL NAME
Personal name Soars, Liz,‏
Dates associated with a name 1945-
Relator term author.
9 (RLIN) 34639
856 ## - ELECTRONIC LOCATION AND ACCESS
Terminal emulation WWW. oup. com/elt /headway for interactive resources
Uniform Resource Identifier <a href="https://elt.oup.com/student/headway/?cc=eg&selLanguage=en">https://elt.oup.com/student/headway/?cc=eg&selLanguage=en</a>
942 ## - ADDED ENTRY ELEMENTS (KOHA)
Koha item type Book - Borrowing
Source of classification or shelving scheme Dewey Decimal Classification
Holdings
Withdrawn status Lost status Source of classification or shelving scheme Damaged status Not for loan Collection code Home library Current library Shelving location Date acquired Source of acquisition Total Checkouts Full call number Barcode Date last seen Price effective from Koha item type
    Dewey Decimal Classification     Baccah Central Library Central Library Second Floor 11/09/2025 Purchase   428.24 SOA 000057378 11/09/2025 11/09/2025 Book - Borrowing
    Dewey Decimal Classification     Baccah Central Library Central Library Second Floor 11/09/2025 Purchase   428.24 SOA 000057377 11/09/2025 11/09/2025 CD | DVD - With book